000 00737nam a2200265 a 4500
001 0001-1172
003 ELIB.Books
008 150507 2010 eng
020 _a13: 9780830825981
035 _a(ELIB.Books)0001-1327
092 _a225.9
_bCap
100 _aCapes, David B.
245 _aRediscovering Paul:
_bAn Introduction to His World, Letters and Theology
260 _aDowners Grove
_bIVP Academic
_c2007
300 _a350
_c23 Cm
500 _aC/o Moe Lwei
650 _aNew Testament
700 _aDavid B. Capes
710 _aRodney Reeves & E. Randolph Richards
856 _nKBTS: Library
_uKBTS: Elib
942 _2ddc
_cBK
990 _a1
998 _cbat
_e2015-05-07
999 _c11172
_d11172